|
|
|
|
| LEADER |
01540cas a2200241 a 4500 |
| 001 |
AALejournalIMF000687 |
| 008 |
230101c9999 xx r poo 0 0eng d |
| 020 |
|
|
|c 5.00 USD
|
| 020 |
|
|
|z 9781451824247
|
| 022 |
|
|
|a 1934-7685
|
| 040 |
|
|
|a BD-DhAAL
|c BD-DhAAL
|
| 110 |
2 |
|
|a International Monetary Fund.
|
| 245 |
1 |
0 |
|a Luxembourg :
|b Selected Issues.
|
| 264 |
|
1 |
|a Washington, D.C. :
|b International Monetary Fund,
|c 1998.
|
| 300 |
|
|
|a 1 online resource (20 pages)
|
| 490 |
1 |
|
|a IMF Staff Country Reports
|
| 500 |
|
|
|a <strong>Off-Campus Access:</strong> No User ID or Password Required
|
| 500 |
|
|
|a <strong>On-Campus Access:</strong> No User ID or Password Required
|
| 506 |
|
|
|a Electronic access restricted to authorized BRAC University faculty, staff and students
|
| 520 |
3 |
|
|a This Selected Issues paper provides a quantitative assessment of the long-term prospects of the Luxembourg pension system and analyzes possible reform options. The results indicate a need to adopt-at an early stage and while the problems are still relatively tractable-measures to dampen the growth of pension expenditure. Otherwise, there is a risk that rising taxes or deficits could have detrimental effects on incentives for work, investment, and innovation, and result in an unsustainable slowdown of economic growth.
|
| 538 |
|
|
|a Mode of access: Internet
|
| 830 |
|
0 |
|a IMF Staff Country Reports; Country Report ;
|v No. 1998/067
|
| 856 |
4 |
0 |
|z Full text available on IMF
|u http://elibrary.imf.org/view/journals/002/1998/067/002.1998.issue-067-en.xml
|z IMF e-Library
|